00322pab a2200121 454500008004000000100002100040245006300061260000900124300001300133362001200146650002100158773002100179180718b2009 xxu||||| |||| 00| 0 eng d aPatnaik, Prabhat aChallenges before higher education in developing societies c2009 ap.21-32. aJul-Aug aHigher education aSocial Scientist